<?xml version="1.0" encoding="UTF-8"?>
<collection xmlns="http://www.loc.gov/MARC21/slim">
 <record>
  <leader>02527cam a2200433 cc4500</leader>
  <controlfield tag="001">1179002431</controlfield>
  <controlfield tag="003">DE-627</controlfield>
  <controlfield tag="005">20250307140039.0</controlfield>
  <controlfield tag="007">tu</controlfield>
  <controlfield tag="008">040108s2003    xx |||||      00| ||ger c</controlfield>
  <datafield tag="020" ind1=" " ind2=" ">
   <subfield code="a">3447045647</subfield>
   <subfield code="9">3-447-04564-7</subfield>
  </datafield>
  <datafield tag="035" ind1=" " ind2=" ">
   <subfield code="a">(DE-627)1179002431</subfield>
  </datafield>
  <datafield tag="035" ind1=" " ind2=" ">
   <subfield code="a">(DE-576)109002431</subfield>
  </datafield>
  <datafield tag="035" ind1=" " ind2=" ">
   <subfield code="a">(DE-599)BSZ109002431</subfield>
  </datafield>
  <datafield tag="035" ind1=" " ind2=" ">
   <subfield code="a">(OCoLC)314456898</subfield>
  </datafield>
  <datafield tag="040" ind1=" " ind2=" ">
   <subfield code="a">DE-627</subfield>
   <subfield code="b">ger</subfield>
   <subfield code="c">DE-627</subfield>
   <subfield code="e">rakwb</subfield>
  </datafield>
  <datafield tag="041" ind1=" " ind2=" ">
   <subfield code="a">ger</subfield>
   <subfield code="a">eng</subfield>
  </datafield>
  <datafield tag="084" ind1=" " ind2=" ">
   <subfield code="a">9,10</subfield>
   <subfield code="2">ssgn</subfield>
  </datafield>
  <datafield tag="084" ind1=" " ind2=" ">
   <subfield code="a">LH 63470</subfield>
   <subfield code="2">rvk</subfield>
   <subfield code="0">(DE-625)rvk/94364:</subfield>
  </datafield>
  <datafield tag="100" ind1="1" ind2=" ">
   <subfield code="a">Panofsky, Erwin</subfield>
   <subfield code="d">1892-1968</subfield>
   <subfield code="0">(DE-588)118591568</subfield>
   <subfield code="0">(DE-627)135320631</subfield>
   <subfield code="0">(DE-576)162477686</subfield>
   <subfield code="4">aut</subfield>
  </datafield>
  <datafield tag="245" ind1="1" ind2="0">
   <subfield code="a">Korrespondenz 1910 bis 1968</subfield>
   <subfield code="n">2</subfield>
   <subfield code="p">Korrespondenz 1937 - 1949 / Erwin Panofsky. Hrsg. von Dieter Wuttke</subfield>
   <subfield code="c">Erwin Panofsky. Hrsg. von Dieter Wuttke</subfield>
  </datafield>
  <datafield tag="264" ind1=" " ind2="1">
   <subfield code="a">Wiesbaden</subfield>
   <subfield code="b">Harrassowitz</subfield>
   <subfield code="c">2003</subfield>
  </datafield>
  <datafield tag="300" ind1=" " ind2=" ">
   <subfield code="a">XXVIII, 1363 S.</subfield>
   <subfield code="b">Ill.</subfield>
  </datafield>
  <datafield tag="336" ind1=" " ind2=" ">
   <subfield code="a">Text</subfield>
   <subfield code="b">txt</subfield>
   <subfield code="2">rdacontent</subfield>
  </datafield>
  <datafield tag="337" ind1=" " ind2=" ">
   <subfield code="a">ohne Hilfsmittel zu benutzen</subfield>
   <subfield code="b">n</subfield>
   <subfield code="2">rdamedia</subfield>
  </datafield>
  <datafield tag="338" ind1=" " ind2=" ">
   <subfield code="a">Band</subfield>
   <subfield code="b">nc</subfield>
   <subfield code="2">rdacarrier</subfield>
  </datafield>
  <datafield tag="583" ind1="1" ind2=" ">
   <subfield code="a">Archivierung/Langzeitarchivierung gewährleistet</subfield>
   <subfield code="f">SSG</subfield>
   <subfield code="x">XA-DE-BW</subfield>
   <subfield code="2">pdager</subfield>
   <subfield code="5">DE-16</subfield>
  </datafield>
  <datafield tag="700" ind1="1" ind2=" ">
   <subfield code="a">Wuttke, Dieter</subfield>
   <subfield code="d">1929-</subfield>
   <subfield code="e">Hrsg.</subfield>
   <subfield code="0">(DE-588)11889286X</subfield>
   <subfield code="0">(DE-627)079669204</subfield>
   <subfield code="0">(DE-576)210312238</subfield>
   <subfield code="4">edt</subfield>
  </datafield>
  <datafield tag="773" ind1="1" ind2="8">
   <subfield code="w">(DE-627)1164264079</subfield>
   <subfield code="w">(DE-576)094264074</subfield>
   <subfield code="g">2</subfield>
   <subfield code="q">2</subfield>
   <subfield code="7">nnam</subfield>
  </datafield>
  <datafield tag="787" ind1="0" ind2="8">
   <subfield code="i">Rezension</subfield>
   <subfield code="a">Sprigath, Gabriele, 1940 - </subfield>
   <subfield code="t">Panofsky, Erwin, Korrespondenz 1937 bis 1949, Band II</subfield>
   <subfield code="d">Heidelberg : Univ.-Bibl., 2004</subfield>
   <subfield code="h">Online-Ressource</subfield>
   <subfield code="w">(DE-627)1650037406</subfield>
   <subfield code="w">(DE-576)327278994</subfield>
  </datafield>
  <datafield tag="787" ind1="0" ind2="8">
   <subfield code="i">Rezension</subfield>
   <subfield code="a">Chapeaurouge, Donat de, 1925 - 2019</subfield>
   <subfield code="t">[Rezension von: Erwin Panofsky, Korrespondenz 1937 bis 1949]</subfield>
   <subfield code="d">2004</subfield>
   <subfield code="w">(DE-627)154691952X</subfield>
   <subfield code="w">(DE-576)476919525</subfield>
  </datafield>
  <datafield tag="787" ind1="0" ind2="8">
   <subfield code="i">Rezensiert in</subfield>
   <subfield code="a">Michels, Karen, 1959 - </subfield>
   <subfield code="t">[Rezension von: Erwin Panofsky (Hrsg.), Korrespondenz 1937 bis 1949]</subfield>
   <subfield code="d">2004</subfield>
   <subfield code="w">(DE-627)1919358595</subfield>
  </datafield>
  <datafield tag="856" ind1="4" ind2="2">
   <subfield code="u">https://swbplus.bsz-bw.de/bsz109002431inh.htm</subfield>
   <subfield code="m">V:DE-576</subfield>
   <subfield code="q">text/html</subfield>
   <subfield code="3">Inhaltsverzeichnis</subfield>
  </datafield>
  <datafield tag="856" ind1="4" ind2="2">
   <subfield code="u">https://swbplus.bsz-bw.de/bsz109002431rez.htm</subfield>
   <subfield code="m">V:DE-576</subfield>
   <subfield code="q">text/html</subfield>
   <subfield code="3">Rezension</subfield>
  </datafield>
  <datafield tag="856" ind1="4" ind2="2">
   <subfield code="u">http://www.sehepunkte.de/2004/09/5062.html</subfield>
   <subfield code="m">V:DE-576;X:Sehepunkte</subfield>
   <subfield code="q">text/html</subfield>
   <subfield code="v">20180424122916</subfield>
   <subfield code="3">Rezension</subfield>
  </datafield>
  <datafield tag="936" ind1="r" ind2="v">
   <subfield code="a">LH 63470</subfield>
   <subfield code="b">Panofsky, Erwin</subfield>
   <subfield code="k">Kunstgeschichte</subfield>
   <subfield code="k">Allgemeines. Allgemeine Kunstgeschichte</subfield>
   <subfield code="k">Geschichte der Kunstwissenschaft</subfield>
   <subfield code="k">Schriften über Kunsthistoriker</subfield>
   <subfield code="k">Einzeldarstellungen (Autobiografien,Biografien, Festansprachen, Leichenreden, Nachrufe u. dergl.)</subfield>
   <subfield code="k">Namen P</subfield>
   <subfield code="k">Panofsky, Erwin</subfield>
   <subfield code="0">(DE-627)1271292912</subfield>
   <subfield code="0">(DE-625)rvk/94364:</subfield>
   <subfield code="0">(DE-576)201292912</subfield>
  </datafield>
  <datafield tag="951" ind1=" " ind2=" ">
   <subfield code="a">MV</subfield>
  </datafield>
  <datafield tag="991" ind1=" " ind2=" ">
   <subfield code="a">Rezensiertes Werk</subfield>
  </datafield>
  <datafield tag="999" ind1=" " ind2=" ">
   <subfield code="a">KXP-PPN1179002431</subfield>
   <subfield code="e">4012399810</subfield>
  </datafield>
 </record>
</collection>
